Prix Nobel - Quiz - Statistiques

Statistiques générales
  • Ce quiz a été pris 8 184 fois
  • Le résultat moyen est 5 sur 6
Statistiques - réponses
Prix % Correct
Paix
95%
Physique
91%
Littérature
88%
Chimie
86%
Physiologie ou Médecine
58%
Économie
53%
Aucun quiz correspondant
Distribution des résultats
% des personnes avec chaque résultat
Percentile par nombre de réponses
Votre historique - résultats
Vous n’avez pas pris ce quiz